| 000 | 00623nam a2200241Ia 4500 | ||
|---|---|---|---|
| 003 | GCL | ||
| 008 | 140319s9999 xx 000 0 eng d | ||
| 040 |
_aGCL / _cGCL |
||
| 082 | 0 | 4 |
_a622.17 _bG D |
| 100 | 1 | _aRINALDI, ROBERTO | |
| 245 | 1 | 0 |
_aDIVING GUIDE TO THE RED SEA WRECKS / _cRINALDI, ROBERTO |
| 700 | 1 | _aAMSLER, KURT | |
| 700 | 1 | _aGHISOTTI, ANDREA | |
| 700 | 1 | _aBICCISTO, MASSIMO | |
| 700 | 1 | _aPAOLILLO, VINCENZO | |
| 700 | 1 | _aROSSETTI, PAOLO | |
| 260 |
_a[S.N] : _bA. A. GODDIS AND SONS PUBLISHERS |
||
| 300 | _a139 P | ||
| 650 | 0 | 4 | _aRED SEA |
| 650 | 0 | 4 | _aDIVING |
| 650 | 0 | 4 | _aWRECKS |
| 942 |
_2ddc _cBK |
||
| 999 |
_c13278 _d13278 |
||